Один день Ивана Денисовича
| Autor principal: | |
|---|---|
| Sumario: | Параллельный текст на англ. языке. В рассказе описывается один день заключённого ГУЛАГа, все трудности и тяготы тюремной жизни. В своё время это произведение, жестко и открыто порицающее советский режим и нечеловеческие условия лагерей, потрясло весь мир. Сам А.И. Солженицын сказал: «...Достаточно описать один только день одного среднего, ничем не примечательного человека с утра и до вечера. И будет всё». Представленный перевод на английский язык X. Т. Уиллетса авторизован автором. |
| Lenguaje: | ruso inglés |
| Publicado: |
Москва, Центр книги Рудомино, 2008
|
| Materias: | |
| Formato: | MixedMaterials Libro |
| KOHA link: | https://koha.lib.tpu.ru/cgi-bin/koha/opac-detail.pl?biblionumber=252772 |
MARC
| LEADER | 00000nam0a2200000 4500 | ||
|---|---|---|---|
| 001 | 252772 | ||
| 005 | 20231101232801.0 | ||
| 010 | |a 9785969707306 | ||
| 035 | |a (RuTPU)RU\TPU\book\275126 | ||
| 090 | |a 252772 | ||
| 100 | |a 20140305d2008 m y0rusy50 ca | ||
| 101 | 0 | |a rus |a eng | |
| 102 | |a RU | ||
| 105 | |a y z 000ay | ||
| 200 | 1 | |a Один день Ивана Денисовича |d One day in the life of Ivan Denisovich |f А. И. Солженицын | |
| 210 | |a Москва |c Центр книги Рудомино |d 2008 | ||
| 215 | |a 304 с. | ||
| 300 | |a Параллельный текст на англ. языке. | ||
| 330 | |a В рассказе описывается один день заключённого ГУЛАГа, все трудности и тяготы тюремной жизни. В своё время это произведение, жестко и открыто порицающее советский режим и нечеловеческие условия лагерей, потрясло весь мир. Сам А.И. Солженицын сказал: «...Достаточно описать один только день одного среднего, ничем не примечательного человека с утра и до вечера. И будет всё». Представленный перевод на английский язык X. Т. Уиллетса авторизован автором. | ||
| 510 | 1 | |a One day in the life of Ivan Denisovich |z eng | |
| 606 | 1 | |a Русская литература, дореволюционная |2 stltpush |3 (RuTPU)RU\TPU\subj\26371 |9 50314 | |
| 610 | 1 | |a проза | |
| 610 | 1 | |a повести | |
| 610 | 1 | |a Гулаг | |
| 610 | 1 | |a СССР | |
| 610 | 1 | |a 20 век | |
| 675 | |a Р1 |v 3 | ||
| 700 | 1 | |a Солженицын |b А. И. |c русский писатель |c академик РАН |f 1918-2008 |g Александр Исаевич |2 stltpush |3 (RuTPU)RU\TPU\pers\1117 |9 504 | |
| 801 | 1 | |a RU |b 63413507 |c 20140305 | |
| 801 | 2 | |a RU |b 63413507 |c 20140313 |g RCR | |
| 942 | |c BK | ||